Norway in the Eurovision Song Contest - Statistics

General Stats
  • This quiz has been taken 23 times
    3 since last reset
  • The average score is 11 of 64
Answer Stats
Answer % Correct
Fairytale
100%
Give That Wolf A Banana
100%
Lighter
100%
Queen of Kings
100%
Ya Ya Ya
100%
Fallen Angel
67%
Grab The Moment
67%
Icebreaker
67%
Spirit in the Sky
67%
Stay
67%
Ulveham
67%
A Monster Like Me
33%
Haba Haba
33%
I Feed You My Love
33%
Nocturne
33%
Silent Storm
33%
That's How You Write A Song
33%
Adieu
0%
Aldri i livet
0%
Alle mine tankar
0%
Alltid sommer
0%
Alvedansen
0%
Brandenburger Tor
0%
Casanova
0%
Do Re Mi
0%
Duett
0%
Dukkemann
0%
For vår jord
0%
High
0%
Hold On Be Strong
0%
I evighet
0%
I'm Not Afraid To Move On
0%
In My Dreams
0%
Intet er nytt under solen
0%
It's Just A Game
0%
Karusell
0%
Kom sol, kom regn
0%
La det swinge
0%
Lenge leve livet
0%
Living My Life Without You
0%
Lykken er
0%
Mata Hari
0%
Mil etter mil
0%
Mitt liv
0%
Mrs. Thompson
0%
My Heart Goes Boom
0%
My Heart Is Yours
0%
Oj, oj, oj, så glad jeg skal bli
0%
Oliver
0%
On My Own
0%
Romeo
0%
Sámiid ædnan
0%
San Francisco
0%
Småting
0%
Solhverv
0%
Sommer i Palma
0%
Spiral
0%
Stress
0%
The First Day Of Love
0%
Touch My Life With Summer
0%
Ven a bailar conmigo
0%
Venners nærhet
0%
Visjoner
0%
Voi-voi
0%
No matching quizzes found
Score Distribution
Percent of People with Each Score
Percentile by Number Answered
Your Score History
You have not taken this quiz since the last reset